header

Neutral models in biology (Record no. 50642)

MARC details
000 -LEADER
fixed length control field 01200nam a2200313Ia 4500
082 04 - DEWEY DECIMAL CLASSIFICATION NUMBER
Classification number 574/.07/24
245 00 - TITLE STATEMENT
Title Neutral models in biology
260 ## - PUBLICATION, DISTRIBUTION, ETC. (IMPRINT)
Place of publication New York :
Name of publisher Oxford University Press,
Year of publication 1987.
300 ## - PHYSICAL DESCRIPTION
Number of Pages 166 p. :
Other physical details ill., port.
650 #0 - SUBJECT ADDED ENTRY--TOPICAL TERM
Topical Term Biological models.
Topical Term Biology
700 1# - ADDED ENTRY--PERSONAL NAME
Personal name Hoffman, Antoni.
Personal name Nitecki, Matthew H.
856 40 - ELECTRONIC LOCATION AND ACCESS
Uniform Resource Identifier http://site.ebrary.com/lib/rucke/Doc?id=10085362

No items available.

© 2026 Rongo University
Contact us: librarian | system librarian | Rongo university